| 000 | 00443nam a2200169Ia 4500 | ||
|---|---|---|---|
| 003 | GCL | ||
| 008 | 140319s9999 xx 000 0 eng d | ||
| 040 |
_aGCL / _cGCL |
||
| 082 | 0 | 4 |
_a305.50941 _ba p |
| 100 | 1 | _aARGYLE, MICHAEL | |
| 245 | 1 | 0 |
_athe psychology of social class / _cARGYLE, MICHAEL |
| 260 |
_a[S.N] : _bROUTLEDGE ، _c1994 |
||
| 300 | _a306 p. | ||
| 650 | 0 | 4 | _aPSYCHOLOGICAL ASPECTS |
| 650 | 0 | 4 | _aGREAT BRITAIN |
| 942 |
_2ddc _cBK |
||
| 999 |
_c19370 _d19370 |
||